| 000 | 00399 a2200133 4500 | ||
|---|---|---|---|
| 001 | 88350 | ||
| 082 | _aPR 563 | ||
| 090 |
_c41772 _d41772 |
||
| 100 | _aMuhammad Ahmad Khan | ||
| 245 | _aModelling and analysis of mounting brackets of air conditioning compressor of super Mushshak Aircraft | ||
| 260 |
_aRisalpur _bNUST Risalpur _c2002 |
||
| 300 |
_a55p. _eIqbal Rasool |
||
| 500 | _aBE Project Reports | ||
| 942 |
_aCAE NUST _kPR 563 |
||
| 999 |
_c323423 _d323423 |
||